[Event "Nuoro Olbia Oristano Province-ch"]
[Site "Siniscola"]
[Date "2015.02.14"]
[Round "4"]
[White "Sonis, Luca"]
[Black "Battasi, Antonio Domenico"]
[Result "0-1"]
[WhiteElo "1687"]
[BlackElo "1731"]
[PlyCount "87"]
[EventDate "2015.02.07"]
[EventType "swiss"]
[EventRounds "7"]
[EventCountry "ITA"]
[SourceTitle "EXT 2017"]
[Source "ChessBase"]
[SourceDate "2016.10.25"]
[SourceVersion "1"]
[SourceVersionDate "2016.10.25"]
[SourceQuality "1"]

1. e4 e5 2. Nf3 Nc6 3. Nc3 Nf6 4. Bc4 Be7 5. 0-0 d6 6. h3 0-0 7. d3 Na5 8. Bb3 Nxb3 9. axb3 c6 10. Be3 a6 11. Na4 Nd7 12. Nc3 f5 13. exf5 Rxf5 14. d4 Qf8 15. Ne4 exd4 16. Nxd4 Re5 17. Ng3 Bf6 18. Qf3 Re8 19. Rab1 Ne5 20. Qd1 Qf7 21. Nf3 d5 22. Re1 Bd7 23. Nd4 Qg6 24. Qh5 c5 25. Qxg6 Nxg6 26. Nf3 d4 27. Bg5 Ne5 28. Bxf6 Nxf3+ 29. gxf3 gxf6 30. Ne4 Kf7 31. Nd6+ Kf8 32. Nxe8 Rxe8 33. Rxe8+ Kxe8 34. Kg2 Bc6 35. Kg3 Kf7 36. Rd1 b5 37. c3 dxc3 38. bxc3 Ke7 39. b4 cxb4 40. cxb4 Ke6 41. Rd8 Ke7 42. Rh8 Kd6 43. Rxh7 Ke5 44. Rh4 0-1